Central Library OPAC University of Rajshahi

The prose works of John Milton / (Record no. 22299)

MARC details
000 -LEADER
fixed length control field 00742cam a2200241u 4500
001 - CONTROL NUMBER
control field 22299
003 - CONTROL NUMBER IDENTIFIER
rucl marc code BD-RjUL
005 - DATE AND TIME OF LATEST TRANSACTION
control field 20250618154313.0
008 - FIXED-LENGTH DATA ELEMENTS--GENERAL INFORMATION
fixed length control field 140308s1905 enkc 000 0aeng
035 ## - SYSTEM CONTROL NUMBER
System control number (BD-RjUL)22364
040 ## - CATALOGING SOURCE
Original cataloging agency DLC
Transcribing agency CarP
Modifying agency DLC
-- BD-RjUL
Language of cataloging eng
041 ## - LANGUAGE CODE
Language code of text/sound track or separate title eng
051 ## - LIBRARY OF CONGRESS COPY, ISSUE, OFFPRINT STATEMENT
Copy information Microfilm 18162 PR.
082 ## - DEWEY DECIMAL CLASSIFICATION NUMBER
Classification number 821.4
Author mark and year MIP V1 1905
100 1# - MAIN ENTRY--PERSONAL NAME
Personal name Milton, John,
Dates associated with a name 1608-1674.
9 (RLIN) 68854
245 04 - TITLE STATEMENT
Title The prose works of John Milton /
Statement of responsibility, etc. [by] John Milton.
Name of part/section of a work Eikonoklastes The Tenure Of Kings And Magistrates
260 ## - PUBLICATION, DISTRIBUTION, ETC. (IMPRINT)
Place of publication, distribution, etc. London :
Name of publisher, distributor, etc. Methuen,
Date of publication, distribution, etc. 1905.
300 ## - PHYSICAL DESCRIPTION
Pagination x, 174 p., 40 p. :
Illustrations Portraits ;
Size 19 cm.
600 #0 - SUBJECT ADDED ENTRY--PERSONAL NAME
Personal name Milton, John,
Chronological subdivision 1608-1674.
942 ## - ADDED ENTRY ELEMENTS (KOHA)
Source of classification or shelving scheme Dewey Decimal Classification
Koha item type Books
Holdings
Lost status Source of classification or shelving scheme Damaged status Not for loan Collection code Permanent Location Current Location Shelving location Date acquired Source of acquisition Total Checkouts Full call number Date last seen Copy number Koha item type
  Dewey Decimal Classification   Added to bundle Fiction Central Library, University of Rajshahi Central Library, University of Rajshahi Reading Room 17/06/1963 A. H.   821.4 MIP V1 1905 08/03/2014 C-1 Books